000 00865nam a22002657a 4500
003 dpl
005 20170124110159.0
008 161214b xxu||||| |||| 00| 0 eng d
010 _aB-219987
020 _c650.00
035 _aB-219987
037 _bCen Lib/Ret
040 _aDPL
_bEN
_cTIT
082 _a025.04
_bBAV
100 _aBavakutty, M
_93055
245 _aMethods for measuring quality of libraries /
_cby M Bavakutty [and] K C Abdul Majeed
260 _aNew Delhi
_bEss Ess Publications
_c2005
270 _a4837/24, Ansari Road, Darya Ganj
_bNew Delhi
_e110002
300 _a298p.
_c21cm(Hb)
500 _aIncludes bibliographical references and index
650 _aLibraries -- Evaluation
_935580
650 _aLibraries -- Quality control
_935581
700 _aMajeed, K C Abdul
_935582
942 _2ddc
_cEN
_h025.04
_mBAV
999 _c132732
_d132732